000
00249nam a2200097Ia 4500
001
1041976
005
20250826232052.0
008
250824s9999 xx 000 0 und d
245
0
_a
BAŞKA MASALLAR
_c
İSMAİL KILIÇARSLAN
260
_b
KETEBE YAYINLARI
999
_c
1041976
_d
1041976